000 00627nam a2200241Ia 4500
003 OSt
005 20220924153425.0
006 a|||||r|||| 00| 0
007 ta
008 220923b |||||||| |||| 00| 0 tam d
024 _a350123
037 _cTextual
040 _aARTS
_cARTS
_btam
041 _2tam
_atam
082 _aY73(P31):1, 31N1
100 _aKailaspathi K Au.
_9228779
245 0 _aPandaiththa mizhar vaazhvum vazhipaadum
260 _c1991
300 _a191p.
_ccm.
650 _aSOCIOLOGY
942 _hY73(P31):1, 31N1
_cTEXL
_2CC
999 _c473544
_d473544